| 000 | 00392nam a22001457a 4500 | ||
|---|---|---|---|
| 020 | _a0669217670 | ||
| 040 | _cNust | ||
| 082 |
_a515 _bLAR |
||
| 100 |
_aRoland E. Larsen _9127478 |
||
| 245 | _aBrief Calculus with applications | ||
| 250 | _a3rd edition | ||
| 260 |
_aLexington: _bD. C health and company, _c1991. |
||
| 650 |
_aBrief Calculus with applications _9127479 |
||
| 942 |
_2ddc _cBK |
||
| 999 |
_c612595 _d612595 |
||